000 00362nam a22001217a 4500
082 _a220 PRO
100 _aNC Fatima Zeeshan ASC Asfand Mukhtiar
_970634
245 _aPR-SOF-1837-HearSmart
260 _aISLAMABAD
_bNUST COLLEGE OF EME
_c2019
650 _aDE-COMP-37
_970635
700 _aSupervisor Mr. Ali Saeed Khan Dr. Sajid Gul Khawaja
_970636
942 _cCR
999 _c577578
_d577578